000 00439nam a22001817a 4500
999 _c7582
_d7582
003 GBCCL
005 20241126110631.0
008 180828b ||||| |||| 00| 0 eng d
020 _a0892760702
040 _cGBC
082 _a234.2
_bHAG
100 _aHagin, Kenneth E
_913393
245 _aNew thresholds of faith
260 _aTulsa, Okla. :
_bFaith Library,
_c1979.
300 _a95p. ;
650 _aFaith
_92645
942 _2ddc
_cBK